Rescue Pup (Record no. 125280)
[ view plain ]
| 000 -LÍDER | |
|---|---|
| campo de controle de tamanho fixo | 00833 a2200229 4500 |
| 001 - NÚMERO DE CONTROLE | |
| campo de controle | 125280 |
| 020 ## - ISBN - INTERNATIONAL STANDARD BOOK NUMBER | |
| ISBN - International Standard Book Number | 9780132058209 |
| 040 ## - FONTE DA CATALOGAÇÃO | |
| Instituição que transcreveu o registro | Escola Canadense de Niteroi |
| 090 ## - NÚMERO DE CHAMADA LOCAL | |
| Número de chamada (OCLC) (R); Número de chamada, CALL (RLIN) (NR) | LIT |
| 100 ## - ENTRADA PRINCIPAL--NOME PESSOAL | |
| Nome pessoal | Little, Jean |
| 245 10 - TÍTULO | |
| Título | Rescue Pup |
| 250 ## - EDIÇÃO | |
| Edição | First Edition |
| 300 ## - DESCRIÇÃO FÍSICA | |
| Dimensões | 3 x 19 x 0,5 cm |
| 362 0# - DATAS DE PUBLICAÇÃO E/OU DESIGNAÇÃO SEQUENCIAL | |
| Datas de publicação e/ou designação sequencial | 2004 |
| 490 0# - TÍTULO DA SÉRIE | |
| Título da série | Literacy in Action |
| 520 ## - NOTA DE RESUMO, ETC | |
| Resumo, etc. | Shakespeare is a Seeing Eye puppy. But before the time comes for him to train with a blind person, he must spend six months with a girl who has never learned to love. He does all he can to teach her, but the job places him in some dangerous situations and by the end of the story he has earned the title Rescue Pup. |
| 650 #4 - ASSUNTO--TERMO TÓPICO | |
| Cabeçalho tópico ou nome geográfico | Juvenile Literature |
| 650 #4 - ASSUNTO--TERMO TÓPICO | |
| Cabeçalho tópico ou nome geográfico | Life Lessons |
| 650 #4 - ASSUNTO--TERMO TÓPICO | |
| Cabeçalho tópico ou nome geográfico | Working dogs |
| 650 #4 - ASSUNTO--TERMO TÓPICO | |
| Cabeçalho tópico ou nome geográfico | Human and Animal Relations |
| 942 ## - ELEMENTOS DE ENTRADA ADICIONADOS (KOHA) | |
| Tipo de material Koha | Livros |
| Situação do descarte | Situação das perdas | Situação física | Não pode ser emprestado | Biblioteca de origem | Biblioteca atual | Data de aquisição | Total de empréstimos | Número de chamada completo | Código de barras | Data de último acesso | Data do preço efetivo | Tipo de material Koha | Data do último empréstimo |
|---|---|---|---|---|---|---|---|---|---|---|---|---|---|
| Canadian School of Niterói - Itacoatiara | Canadian School of Niterói - Itacoatiara | 09/02/2024 | LIT | A02586 | 09/02/2024 | 09/02/2024 | Livros | ||||||
| Canadian School of Niterói - Itacoatiara | Canadian School of Niterói - Itacoatiara | 09/02/2024 | 1 | LIT | A02585 | 28/02/2024 | 09/02/2024 | Livros | 27/02/2024 | ||||
| Canadian School of Niterói - Itacoatiara | Canadian School of Niterói - Itacoatiara | 09/02/2024 | 1 | LIT | A02582 | 11/03/2024 | 09/02/2024 | Livros | 08/03/2024 | ||||
| Canadian School of Niterói - Piratininga | Canadian School of Niterói - Piratininga | 09/02/2024 | LIT | A01182 | 09/02/2024 | 09/02/2024 | Livros | ||||||
| Canadian School of Niterói - Piratininga | Canadian School of Niterói - Piratininga | 09/02/2024 | LIT | A02584 | 09/02/2024 | 09/02/2024 | Livros | ||||||
| Canadian School of Niterói - Piratininga | Canadian School of Niterói - Piratininga | 09/02/2024 | LIT | A02583 | 09/02/2024 | 09/02/2024 | Livros |